000
00340nam a2200145Ia 4500
008
210210b1964 xxu||||| |||| 00| 0 eng d
082
_a
821.008 SMIM
100
_a
SMITH (Donald A).
245
_a
Magic wand.
260
_a
N D
_b
B I Publications
_c
1964
300
_a
vi,47
650
_a
Poems
690
_a
English Poetry
906
_a
041288
999
_c
90788
_d
90788